000 00452nam a2200181Ia 4500
001 1734
005 20260306143750.0
008 260306t2001||||xx |||||||||||||| ||spa||
041 _aESP
082 _a155.28
_bE396
100 _aEzpeleta Ascaso, Lourdes
_eAUT
245 0 _aLa entrevista diagnostica con niños y adolescentes
260 _c2001
300 _a203 páginas :
_c21 cm.
650 _aGEN
654 _aCPS
942 _cLIB
_dJUS
_fJUS
_2ddc
_n
999 _c1734
_d1734